000 00429nam a2200157 i 4500
001 59446
003 ES-MaACL
005 20230906164032.0
007 t|
008 031029s1962 xxu ||||1| eng d
100 1 _aEiseley, Loren.
_946851
245 1 4 _aThe immense journey /
_cby Loren Eiseley.
260 _aNew York :
_bTime Incorporated,
_c[1962]
300 _aXVIII, 152 p. ;
_c20 cm.
852 _aES-MaACL
_jG-8416
_bR.66058
999 _c59446
_d59446